[Event "Muensterland Verbandsklasse Gr2 2223"]
[Site "Germany"]
[Date "2023.02.18"]
[Round "5.5"]
[White "Kuestermann, Dieter"]
[Black "Overmeyer, Juergen"]
[Result "0-1"]
[WhiteElo "1633"]
[BlackElo "1595"]
[PlyCount "117"]
[EventDate "2022.09.17"]
[EventType "team-tourn"]
[EventRounds "5"]
[EventCountry "GER"]
[SourceTitle "EXT 2024"]
[Source "ChessBase"]
[SourceDate "2023.10.10"]
[SourceVersion "1"]
[SourceVersionDate "2023.10.10"]
[SourceQuality "1"]
[WhiteTeam "Greven"]
[BlackTeam "Emsdetten Rochade III"]
[WhiteTeamCountry "GER"]
[BlackTeamCountry "GER"]

1. e4 c5 2. Nf3 Nc6 3. d4 cxd4 4. Nxd4 e6 5. Be3 Nf6 6. Bd3 d5 7. Nd2 Bd7 8. Nxc6 Bxc6 9. e5 Nd7 10. Nf3 Bc5 11. Bd2 Qc7 12. b4 Nxe5 13. bxc5 Nd7 14. 0-0 Nxc5 15. Bc3 f6 16. Nd4 0-0-0 17. Qe1 Bd7 18. Bb5 Rde8 19. Bb4 e5 20. Bxd7+ Kxd7 21. Nf5 g6 22. Ng3 Ne6 23. Qd2 Qc4 24. Ne2 Rd8 25. Rfd1 Nc7 26. a3 Ke6 27. Qe3 b6 28. Rd4 Qc6 29. Rh4 Kf7 30. Qf3 a5 31. Bc3 Rde8 32. Bd2 Qd6 33. Qh3 h5 34. g4 Qd7 35. gxh5 Qxh3 36. Rxh3 Rxh5 37. Rxh5 gxh5 38. Rb1 Re6 39. Rb3 Rc6 40. c3 b5 41. Kg2 Kg6 42. f4 Rc4 43. Kg3 Re4 44. Kf3 h4 45. Be1 Kh5 46. Bf2 Ne6 47. fxe5 fxe5 48. Rxb5 Ng5+ 49. Kg2 Rxe2 50. Rxd5 Kg4 51. Rxa5 Nh3 52. Ra4+ e4 53. Kf1 Rxf2+ 54. Ke1 Kf3 55. Ra8 Re2+ 56. Kf1 Rxh2 57. Ke1 Re2+ 58. Kd1 Nf2+ 59. Kc1 0-1

[Event "Muensterland Verbandsklasse Gr2 2223"]
[Site "Germany"]
[Date "2023.01.28"]
[Round "4.6"]
[White "Kuestermann, Dieter"]
[Black "Holtmannspoetter, Thomas"]
[Result "1/2-1/2"]
[WhiteElo "1633"]
[BlackElo "1704"]
[PlyCount "109"]
[EventDate "2022.09.17"]
[EventType "team-tourn"]
[EventRounds "5"]
[EventCountry "GER"]
[SourceTitle "EXT 2024"]
[Source "ChessBase"]
[SourceDate "2023.10.10"]
[SourceVersion "1"]
[SourceVersionDate "2023.10.10"]
[SourceQuality "1"]
[WhiteTeam "Greven"]
[BlackTeam "Ochtrup"]
[WhiteTeamCountry "GER"]
[BlackTeamCountry "GER"]

1. e4 c5 2. Nf3 e6 3. d4 cxd4 4. Nxd4 Nf6 5. Bd3 Nc6 6. Be3 d5 7. Nxc6 bxc6 8. Nd2 Bd6 9. 0-0 0-0 10. f4 e5 11. fxe5 Bxe5 12. exd5 Ng4 13. Rf3 Nxe3 14. Rxe3 Bd4 15. Nf1 Qg5 16. Bxh7+ Kxh7 17. Qxd4 cxd5 18. Re5 Qg6 19. Ne3 Be6 20. Nxd5 Bxd5 21. Rxd5 Qxc2 22. Qh4+ Kg8 23. Rh5 f6 24. Rh8+ Kf7 25. Qh5+ Ke6 26. Re1+ Kd6 27. Rxf8 Rxf8 28. Qd1+ Qxd1 29. Rxd1+ Kc6 30. Kf2 Rb8 31. Rd2 Rb7 32. Rc2+ Kd5 33. Ke3 Ke5 34. a3 Rb3+ 35. Kd2 Kd4 36. Kc1 Rb7 37. b4 Kd3 38. Kb2 a5 39. Rc3+ Kd4 40. Kb3 axb4 41. axb4 f5 42. g3 Rb6 43. Rc7 g6 44. Rd7+ Ke3 45. Kc4 Rc6+ 46. Kd5 Rc2 47. Rh7 Rb2 48. Kc5 Rc2+ 49. Kb6 g5 50. b5 f4 51. gxf4 gxf4 52. Kb7 f3 53. Rh3 Ke2 54. Rxf3 Kxf3 55. b6 1/2-1/2

[Event "GER-ch Seniors 65"]
[Site "Hamburg"]
[Date "2018.07.27"]
[Round "7"]
[White "Kuestermann, Dieter"]
[Black "Eberhardt, Michael"]
[Result "1-0"]
[WhiteElo "1872"]
[BlackElo "1730"]
[PlyCount "115"]
[EventDate "2018.07.21"]
[EventType "swiss"]
[EventRounds "9"]
[EventCountry "GER"]
[SourceTitle "CBM 186 Extra"]
[Source "ChessBase"]
[SourceDate "2018.08.24"]
[SourceVersion "1"]
[SourceVersionDate "2018.08.24"]
[SourceQuality "1"]

1. e4 d5 2. exd5 Nf6 3. d4 Bg4 4. Nf3 Qxd5 5. Nc3 Qf5 6. Bd3 Bxf3 7. gxf3 Qd7 8. Bf4 Nc6 9. d5 Nb4 10. Bb5 c6 11. dxc6 bxc6 12. Ba4 Rd8 13. Qxd7+ Nxd7 14. a3 e5 15. Be3 Nd5 16. Bxc6 Nxe3 17. fxe3 Rc8 18. Ba4 Ke7 19. Nd5+ Ke6 20. Bb3 Kf5 21. Rg1 g5 22. 0-0-0 Nc5 23. Bc4 Ne6 24. Bd3+ e4 25. Bxe4+ Ke5 26. Bd3 Bc5 27. Ba6 Rcd8 28. f4+ gxf4 29. exf4+ Nxf4 30. Rg5+ f5 31. Re1+ Kxd5 32. Rxf5+ Kc6 33. Rxf4 Rhe8 34. Rf6+ Kc7 35. Rf7+ Kb6 36. Rf6+ Kc7 37. Rxe8 Rxe8 38. Rf7+ Re7 39. Rxe7+ Bxe7 40. b4 h5 41. h3 Bf6 42. Be2 h4 43. c4 Kd6 44. Kc2 Bd8 45. Kd3 a5 46. c5+ Kc6 47. Kc4 axb4 48. axb4 Bg5 49. b5+ Kc7 50. b6+ Kb8 51. Kb5 Bf4 52. Kc6 Be3 53. Kd6 Bf4+ 54. Kc6 Bg3 55. Kb5 Bf4 56. c6 Bg3 57. Bg4 Bf4 58. Kc4 1-0

[Event "GER-ch Seniors 65"]
[Site "Hamburg"]
[Date "2018.07.26"]
[Round "6"]
[White "Nauschuetz, Ernst"]
[Black "Kuestermann, Dieter"]
[Result "1-0"]
[WhiteElo "1974"]
[BlackElo "1872"]
[PlyCount "67"]
[EventDate "2018.07.21"]
[EventType "swiss"]
[EventRounds "9"]
[EventCountry "GER"]
[SourceTitle "CBM 186 Extra"]
[Source "ChessBase"]
[SourceDate "2018.08.24"]
[SourceVersion "1"]
[SourceVersionDate "2018.08.24"]
[SourceQuality "1"]

1. c4 e5 2. g3 f5 3. Bg2 Nf6 4. Nc3 Bc5 5. e3 0-0 6. Nge2 a6 7. 0-0 d6 8. d4 exd4 9. exd4 Ba7 10. Bg5 c6 11. Qc2 Be6 12. d5 Bd7 13. dxc6 bxc6 14. Rad1 Bc8 15. Bf4 d5 16. cxd5 cxd5 17. Nxd5 Ne4 18. Nec3 Be6 19. Nc7 Qf6 20. Nxe4 fxe4 21. Nxa8 Nd7 22. Bxe4 Nc5 23. Bg2 Bxa2 24. Qc3 Qf7 25. Bd6 Rc8 26. b4 Bb3 27. bxc5 Bxd1 28. Rxd1 Qh5 29. Qf3 Qe8 30. Nc7 Qa4 31. Qd5+ Kh8 32. Bf3 h6 33. Kg2 Bb8 34. Ne6 1-0

[Event "GER-ch Seniors 65"]
[Site "Hamburg"]
[Date "2018.07.22"]
[Round "2"]
[White "Lomer, Edmund"]
[Black "Kuestermann, Dieter"]
[Result "1-0"]
[WhiteElo "2043"]
[BlackElo "1872"]
[PlyCount "83"]
[EventDate "2018.07.21"]
[EventType "swiss"]
[EventRounds "9"]
[EventCountry "GER"]
[SourceTitle "CBM 186 Extra"]
[Source "ChessBase"]
[SourceDate "2018.08.24"]
[SourceVersion "1"]
[SourceVersionDate "2018.08.24"]
[SourceQuality "1"]

1. Nf3 Nf6 2. g3 d5 3. Bg2 c5 4. 0-0 e6 5. d4 Nc6 6. c4 cxd4 7. cxd5 Nxd5 8. Nxd4 Bc5 9. Nxc6 bxc6 10. Qc2 Qe7 11. a3 Bd7 12. Nc3 Rc8 13. Bd2 0-0 14. Rac1 Bb6 15. Rfd1 Rb8 16. Ne4 Rfc8 17. Ng5 f5 18. e4 fxe4 19. Qxe4 Nf6 20. Qe2 h6 21. Nf3 Be8 22. Bb4 c5 23. Bc3 a6 24. Bh3 Kf7 25. Ne5+ Kf8 26. Qxa6 c4 27. Nxc4 Bxf2+ 28. Kxf2 Qc5+ 29. Bd4 Ne4+ 30. Kg1 Qc6 31. Qxc6 Bxc6 32. Ne5 Ba4 33. Rf1+ Ke8 34. Bxe6 Rxc1 35. Rxc1 Ke7 36. Bd5 Ng5 37. Nc6+ Bxc6 38. Bxc6 Kd6 39. Bxg7 Ne6 40. Bc3 Kxc6 41. Be5+ Kd7 42. Rd1+ 1-0

[Event "GER-chT Betriebe 16th"]
[Site "Dresden"]
[Date "2016.11.05"]
[Round "5.3"]
[White "Hildebrand, Gerald"]
[Black "Kuestermann, Dieter"]
[Result "1-0"]
[WhiteElo "2180"]
[BlackElo "1960"]
[PlyCount "63"]
[EventDate "2016.11.03"]
[EventType "team-swiss"]
[EventRounds "7"]
[EventCountry "GER"]
[SourceTitle "EXT 2020"]
[Source "ChessBase"]
[SourceDate "2019.10.17"]
[SourceVersion "1"]
[SourceVersionDate "2019.10.17"]
[SourceQuality "1"]
[WhiteTeam "Berlin Osram II"]
[BlackTeam "Duesseldorf Provinzial"]
[WhiteTeamCountry "GER"]
[BlackTeamCountry "GER"]

1. d4 d5 2. c4 e6 3. Nc3 Nf6 4. Bg5 Be7 5. e3 a6 6. Nf3 c5 7. Bd3 dxc4 8. Bxc4 b5 9. Bd3 c4 10. Bc2 Nc6 11. 0-0 Bb7 12. Qe2 0-0 13. Rfd1 Nd5 14. Bxe7 Ncxe7 15. Ne4 Rc8 16. Nc5 Ba8 17. Nxa6 Qa5 18. Nc5 Nb4 19. Qd2 Bxf3 20. gxf3 Ra8 21. Be4 Nbd5 22. Qc2 g6 23. f4 Qc7 24. a4 bxa4 25. Rxa4 Rxa4 26. Qxa4 Rb8 27. Rc1 Rxb2 28. Qe8+ Kg7 29. Nd7 Kh6 30. Qf8+ Kh5 31. Bf3+ Kh4 32. Qh6# 1-0

[Event "GER-chT Betriebe 16th"]
[Site "Dresden"]
[Date "2016.11.05"]
[Round "4.3"]
[White "Kuestermann, Dieter"]
[Black "Ziller, Christian"]
[Result "1-0"]
[WhiteElo "1960"]
[BlackElo "2071"]
[PlyCount "69"]
[EventDate "2016.11.03"]
[EventType "team-swiss"]
[EventRounds "7"]
[EventCountry "GER"]
[SourceTitle "EXT 2020"]
[Source "ChessBase"]
[SourceDate "2019.10.17"]
[SourceVersion "1"]
[SourceVersionDate "2019.10.17"]
[SourceQuality "1"]
[WhiteTeam "Duesseldorf Provinzial"]
[BlackTeam "Hamburg Transit"]
[WhiteTeamCountry "GER"]
[BlackTeamCountry "GER"]

1. e4 d6 2. d4 e5 3. dxe5 dxe5 4. Qxd8+ Kxd8 5. Bc4 f6 6. Nc3 c6 7. Be3 Bd6 8. 0-0-0 Ke7 9. Nge2 Be6 10. Bxe6 Kxe6 11. a3 a5 12. Na4 Nd7 13. Rxd6+ Kxd6 14. Rd1+ Ke6 15. Rxd7 Kxd7 16. Nb6+ Ke6 17. Nxa8 Ne7 18. Nb6 f5 19. f4 Rf8 20. fxe5 fxe4 21. Nd4+ Kf7 22. Nd7 Rd8 23. Bg5 h6 24. e6+ Ke8 25. Bf4 c5 26. Nb5 Nd5 27. Bd6 c4 28. Bf8 Ra8 29. Nd6+ Kd8 30. Nxe4 Kc7 31. Bd6+ Kc6 32. Nb8+ Kb6 33. Nc5 Rxb8 34. Nd7+ Kc6 35. Bxb8 1-0

[Event "GER-chT Betriebe 16th"]
[Site "Dresden"]
[Date "2016.11.03"]
[Round "1.3"]
[White "Hueners, Rolf"]
[Black "Kuestermann, Dieter"]
[Result "0-1"]
[WhiteElo "1400"]
[BlackElo "1960"]
[PlyCount "56"]
[EventDate "2016.11.03"]
[EventType "team-swiss"]
[EventRounds "7"]
[EventCountry "GER"]
[SourceTitle "EXT 2020"]
[Source "ChessBase"]
[SourceDate "2019.10.17"]
[SourceVersion "1"]
[SourceVersionDate "2019.10.17"]
[SourceQuality "1"]
[WhiteTeam "Bremen Airbus"]
[BlackTeam "Duesseldorf Provinzial"]
[WhiteTeamCountry "GER"]
[BlackTeamCountry "GER"]

1. d4 d5 2. e3 e6 3. a3 a5 4. Nf3 Nf6 5. Bd3 c5 6. b3 Nc6 7. Bb2 cxd4 8. Bxd4 Bd6 9. h3 e5 10. Bc3 e4 11. Nd4 exd3 12. Qxd3 0-0 13. 0-0 Bc7 14. Nd2 Nxd4 15. Bxd4 b6 16. Nf3 Ba6 17. c4 dxc4 18. bxc4 Rc8 19. Qb3 Bxc4 20. Qb2 Bxf1 21. Kxf1 Re8 22. Qb3 h6 23. Qb5 Qd5 24. Qb2 Re6 25. Rc1 Rc6 26. Ne5 Bxe5 27. Rxc6 Rxc6 28. Bxe5 Qd1# 0-1

[Event "Merano Cup Gold 37th"]
[Site "Merano"]
[Date "2009.04.25"]
[Round "9"]
[White "Kuestermann, Dieter"]
[Black "Willin, Bernhard"]
[Result "1-0"]
[WhiteElo "1944"]
[BlackElo "1988"]
[PlyCount "61"]
[EventDate "2009.04.17"]
[EventType "swiss"]
[EventRounds "9"]
[EventCountry "ITA"]
[SourceTitle "CBM 130 Extra"]
[Source "ChessBase"]
[SourceDate "2009.07.02"]
[SourceVersion "2"]
[SourceVersionDate "2009.07.15"]
[SourceQuality "1"]

1. e4 c5 2. Nf3 e6 3. d4 cxd4 4. Nxd4 a6 5. a4 Qc7 6. Be3 b6 7. Bd3 Bb7 8. 0-0 Nf6 9. Nd2 Be7 10. c3 d5 11. Qc2 Nbd7 12. f3 h6 13. Rfe1 0-0 14. Bf2 Bd6 15. g3 Rac8 16. exd5 Nxd5 17. Ne4 Be7 18. Qe2 Ra8 19. Nd2 N7f6 20. Rac1 Rfd8 21. Bb1 Nh7 22. c4 Nf4 23. gxf4 Rxd4 24. Bxd4 Qxf4 25. Qe5 Qg5+ 26. Qxg5 Nxg5 27. Rf1 Rd8 28. Be3 Bc5 29. Bxc5 Rxd2 30. Be3 Re2 31. Bxg5 1-0

[Event "GER Seniors Derby 06th"]
[Site "Wesel Undeloh"]
[Date "2007.04.15"]
[Round "6.17"]
[White "Sirvent, Ricardo"]
[Black "Kuestermann, Dieter"]
[Result "1-0"]
[WhiteElo "1545"]
[BlackElo "1652"]
[PlyCount "61"]
[EventDate "2007.04.12"]
[EventType "swiss"]
[EventRounds "7"]
[EventCountry "GER"]
[SourceTitle "EXT 2022"]
[Source "ChessBase"]
[SourceDate "2021.10.06"]
[SourceVersion "1"]
[SourceVersionDate "2021.10.06"]
[SourceQuality "1"]

1. e4 e5 2. Nf3 Nc6 3. Bc4 Bc5 4. c3 Nf6 5. d4 exd4 6. cxd4 Bb4+ 7. Bd2 Nxe4 8. Bxb4 Nxb4 9. Qb3 d5 10. Qxb4 dxc4 11. Qxc4 0-0 12. 0-0 Be6 13. Qe2 Nd6 14. b3 Re8 15. Qb2 Bd5 16. Nbd2 Re2 17. Qc3 Re6 18. Rfe1 Rg6 19. g3 Qd7 20. Re5 c6 21. Rxd5 cxd5 22. Ne5 Qe6 23. Nxg6 hxg6 24. Qe3 Qd7 25. Rc1 Re8 26. Qf4 Nf5 27. Rc7 Qb5 28. g4 Nh6 29. Nf3 Re4 30. Rc8+ Kh7 31. Ng5# 1-0

[Event "GER Seniors Derby 06th"]
[Site "Wesel Undeloh"]
[Date "2007.04.13"]
[Round "3.8"]
[White "Kuestermann, Dieter"]
[Black "Huber, Herbert"]
[Result "0-1"]
[WhiteElo "1652"]
[BlackElo "1946"]
[PlyCount "68"]
[EventDate "2007.04.12"]
[EventType "swiss"]
[EventRounds "7"]
[EventCountry "GER"]
[SourceTitle "EXT 2022"]
[Source "ChessBase"]
[SourceDate "2021.10.06"]
[SourceVersion "1"]
[SourceVersionDate "2021.10.06"]
[SourceQuality "1"]

1. e4 d6 2. d4 Nf6 3. Bd3 g6 4. Bg5 Bg7 5. f4 0-0 6. Nf3 Bg4 7. 0-0 Nbd7 8. c3 c6 9. Kh1 Qc7 10. e5 Nd5 11. c4 Ne3 12. Qb3 dxe5 13. fxe5 Nxf1 14. Bxf1 Nb6 15. Nbd2 Rad8 16. Bh4 Qd7 17. Rd1 Kh8 18. h3 Bf5 19. Qa3 Nc8 20. Nb3 Qc7 21. Bd3 Bxd3 22. Rxd3 b6 23. Nbd2 c5 24. e6 fxe6 25. Ng5 Qc6 26. Re3 Rxd4 27. Rxe6 Qd7 28. Ndf3 Rd3 29. b3 h6 30. Ne5 Rd1+ 31. Kh2 Bxe5+ 32. Rxe5 Qd4 33. Re4 Qg1+ 34. Kg3 Rd3+ 0-1